| 000 | 00577nam a2200193 4500 | ||
|---|---|---|---|
| 008 | b xx# ara u | ||
| 010 | _a54609 | ||
| 040 | _aLB-BrCRDP | ||
| 082 | _aR 912/S374a | ||
| 100 | 1 | _a. سيد نصر، محمد | |
| 130 | 1 | _lAR | |
| 245 | 1 | 0 |
_a. اطلس العالم _c[محمد سيد نصر ... [وآخرون |
| 250 | _aطبعة جديدة موسعة | ||
| 260 |
_aبيروت _bمكتبة لبنان |
||
| 300 |
_a96 ص.: _bخرائط ؛ _c29 سم. |
||
| 650 | _aالاطالس | ||
| 942 | _cBK | ||
| 999 |
_c15805 _d15805 |
||